[Event "7th Gashimov Mem Rapid"]
[Site "Baku AZE"]
[Date "2021.12.19"]
[Round "2.1"]
[White "Navara, David"]
[Black "Karjakin, Sergey"]
[Result "1-0"]
[WhiteTitle "GM"]
[BlackTitle "GM"]
[WhiteElo "2697"]
[BlackElo "2743"]
[WhiteFideId "309095"]
[BlackFideId "14109603"]
[EventDate "2021.12.18"]
[EventType "rapid"]

1. Nf3 d5 2. e3 Nf6 3. c4 e6 4. Nc3 c5 5. cxd5 exd5 6. d4 Nc6 7. Bb5 cxd4 8.
Nxd4 Bd7 9. O-O Bd6 10. Nf3 Be6 11. b3 O-O 12. Bb2 a6 13. Bxc6 bxc6 14. Rc1 Rc8
15. Qd3 Bg4 16. Qxa6 Nd7 17. Kh1 Re8 18. Nb5 Nc5 19. Qxc8 Bxc8 20. Nxd6 Qxd6 21.
Ba3 Bg4 22. Nd4 Qg6 23. Rxc5 Ra8 24. Rxc6 Qd3 25. Rfc1 h5 26. R6c3 Qd2 27. R3c2
Qd3 28. Bc5 Bd7 29. h3 h4 30. b4 g5 31. Nf3 Bxh3 32. Nxg5 Bg4 33. Bd4 Qf5 34. f4
f6 35. Rc7 h3 36. Rf7 hxg2+ 37. Kg1 Rf8 38. Rxf8+ Kxf8 39. Bxf6 Qd3 40. Bd4 Qd2
41. Ra1 Qe2 42. b5 Qxb5 43. Kxg2 Bd1 44. a4 Bxa4 45. Rh1 Bc2 46. Kg3 Qe2 47. Ra1
Ke8 48. Ra7 Qe1+ 49. Kg4 Qd1+ 50. Kg3 Bf5 51. Nf3 Kd8 52. Ne5 Kc8 53. Kh4 Qg1
54. Ra8+ Kb7 55. Ra7+ Kc8 56. Kh5 Be4 57. Kh6 Qh2+ 58. Kg5 Qg3+ 59. Kf6 Qh4+ 60.
Ke6 Qh6+ 61. Ke7 Bf5 62. Nf7 Qe6+ 63. Kf8 Bg6 64. Be5 Bxf7 65. Rc7+ Kd8 66. Rxf7
Qh6+ 67. Bg7 Qd6+ 68. Kg8 d4 69. Bf6+ Kc8 70. Bxd4 Qd5 71. f5 Kd8 72. Kg7 Qg2+
73. Kf8 Qh1 74. Bg7 Qe4 75. Bf6+ Kc8 76. Bd4 Qh1 77. Rg7 Qh8+ 78. Kf7 Qh5+ 79.
Ke6 Qe8+ 80. Re7 Qg8+ 81. Ke5 Qg3+ 82. Kd5 Qg2+ 83. e4 Qa2+ 84. Ke5 Qh2+ 85. Ke6
Qa2+ 86. Kf6 Qa6+ 87. Kg5 1-0

[Event "7th Gashimov Mem Rapid"]
[Site "Baku AZE"]
[Date "2021.12.19"]
[Round "2.3"]
[White "Navara, David"]
[Black "Karjakin, Sergey"]
[Result "0-1"]
[WhiteTitle "GM"]
[BlackTitle "GM"]
[WhiteElo "2697"]
[BlackElo "2743"]
[WhiteFideId "309095"]
[BlackFideId "14109603"]
[EventDate "2021.12.18"]

1. Nf3 d5 2. g3 g6 3. c4 dxc4 4. Qa4+ Nc6 5. Bg2 Bg7 6. Qxc4 e5 7. d3 Nge7 8.
O-O Be6 9. Qa4 O-O 10. Nc3 h6 11. Bd2 Qd7 12. Rfc1 Rad8 13. Ne4 Qc8 14. b4 a6
15. b5 axb5 16. Qxb5 Bd5 17. Nc5 Bxf3 18. Bxf3 e4 19. Bxe4 Nd4 20. Qxb7 Nxe2+
21. Kg2 Qxb7 22. Nxb7 Ra8 23. Rxc7 Bxa1 24. Rxe7 Rxa2 25. Bxh6 Bg7 26. Bd5 Rb2
27. Bxg7 Kxg7 28. Nd6 Nd4 29. Bxf7 Kf6 30. Rd7 Nc6 31. Ne4+ Kf5 32. Rd5+ Ne5 33.
Bxg6+ Ke6 34. Rd6+ Ke7 35. Bh5 Rfxf2+ 36. Nxf2 Kxd6 37. Kf1 Kc5 38. Be2 Kd4 39.
h4 Rb1+ 40. Kg2 Ke3 41. d4 Kxd4 42. Nh3 Rb2 43. Kf2 Nd3+ 44. Kf3 Ne5+ 45. Kf2
Nd3+ 46. Kf1 Rb1+ 47. Kg2 Rb2 48. Ng1 Ne5 49. Kf2 Nd3+ 50. Kf3 Ne5+ 51. Kf4 Rb1
52. Nf3+ Nxf3 53. Bxf3 Kc5 54. Ke5 Re1+ 55. Kf5 Kd6 56. g4 Ke7 57. g5 Kf7 58. h5
Kg7 59. h6+ Kh8 60. g6 Rg1 0-1